| 000 | 01015nam a2200205 i 4500 | ||
|---|---|---|---|
| 001 | 164465 | ||
| 003 | ES-MaACL | ||
| 005 | 20250719062545.0 | ||
| 008 | 050829s1885 ru |||| | fre d | ||
| 100 | 1 |
_aSalomon, A. _9132345 |
|
| 245 | 1 | 0 |
_aNotice sur l'histoire des prisons et de la réforme pénitentiaire en Russie / _c[A. Salomon]. |
| 260 |
_aSt. Pétersbourg : _b[s.n.], _c1885. |
||
| 300 |
_a114 p. ; _c20 cm. |
||
| 650 | 4 |
_aEstablecimientos penitenciarios- _zRusia. _9143329 |
|
| 852 |
_aES-MaACL _jD-261(6) _bR.FOLL.10/6 _cSVI _9170722 _dOlim:193-C-17 _fSello en tinta en portada: "Donativo del Sr. Lastres al Ateneo de Madrid. 1907" _gAnotación manuscrita en portada: "Folletos penitenciarios. T. 17" _hDonación: Francisco Lastres y Juiz _xEncuadernación holandesa _xEncuadernado con otras obras formando un volumen facticio |
||
| 903 |
_aLastres y Juiz, Francisco, _d1848-1918 _q1 _ednr _970504 |
||
| 942 |
_2udc _cFOLLETOS |
||
| 999 |
_c164465 _d164465 |
||